The C programming language / (Record no. 526955)

000 -LEADER
fixed length control field 00848pam a2200289 a 4500
001 - CONTROL NUMBER
control field 1491800
003 - CONTROL NUMBER IDENTIFIER
control field NUST
005 - DATE AND TIME OF LATEST TRANSACTION
control field 20190720092716.0
008 - FIXED-LENGTH DATA ELEMENTS--GENERAL INFORMATION
fixed length control field 880303s1988 nju 001 0 eng
010 ## - LIBRARY OF CONGRESS CONTROL NUMBER
LC control number 88005934
020 ## - INTERNATIONAL STANDARD BOOK NUMBER
International Standard Book Number 0131103709
020 ## - INTERNATIONAL STANDARD BOOK NUMBER
International Standard Book Number 0131103628 (pbk.)
038 ## - RECORD CONTENT LICENSOR
Staff Name Arshad
040 ## - CATALOGING SOURCE
Original cataloging agency DLC
Transcribing agency DLC
Modifying agency DLC
050 00 - LIBRARY OF CONGRESS CALL NUMBER
Classification number QA76.73.C15
Item number K47 1988
082 00 - DEWEY DECIMAL CLASSIFICATION NUMBER
Classification number 005.133
Author Mark KER
100 1# - MAIN ENTRY--PERSONAL NAME
Personal name Kernighan, Brian W.
9 (RLIN) 17967
245 14 - TITLE STATEMENT
Title The C programming language /
Statement of responsibility, etc. Brian W. Kernighan, Dennis M. Ritchie.
250 ## - EDITION STATEMENT
Edition statement 2nd ed.
260 ## - PUBLICATION, DISTRIBUTION, ETC.
Place of publication, distribution, etc. New Jersey :
Name of publisher, distributor, etc. Prentice Hall,
Date of publication, distribution, etc. 1988.
300 ## - PHYSICAL DESCRIPTION
Extent xii, 272 p. ;
Dimensions 25 cm.
500 ## - GENERAL NOTE
General note Includes index.
650 #0 - SUBJECT ADDED ENTRY--TOPICAL TERM
Topical term or geographic name entry element C (Computer program language)
9 (RLIN) 1226
700 1# - ADDED ENTRY--PERSONAL NAME
Personal name Ritchie, Dennis M.,
Dates associated with a name 1941-2011.
9 (RLIN) 17968
906 ## - LOCAL DATA ELEMENT F, LDF (RLIN)
a 7
b cbc
c orignew
d 1
e ocip
f 19
g y-gencatlg
942 ## - ADDED ENTRY ELEMENTS (KOHA)
Source of classification or shelving scheme
Koha item type Book
Holdings
Withdrawn status Lost status Source of classification or shelving scheme Damaged status Not for loan Permanent Location Current Location Shelving location Date acquired Source of acquisition Cost, normal purchase price Total Checkouts Full call number Barcode Date last seen Copy number Price effective from Koha item type
          NUST Baluchistan Campus (NBC) NUST Baluchistan Campus (NBC) Book Cart 07/18/2019 Purchased 0.00   005.133 KER Q-97 07/18/2019 1 07/18/2019 Book
© 2023 Central Library, National University of Sciences and Technology. All Rights Reserved.